| 000 | 00537nam a2200169 i 4500 | ||
|---|---|---|---|
| 001 | 135175 | ||
| 003 | ES-MaACL | ||
| 005 | 20230906194824.0 | ||
| 007 | t| | ||
| 008 | 070711s1936 sp ||||1| spa d | ||
| 100 | 1 |
_aTomé Cabrero, Hermenegildo. _9110547 |
|
| 245 | 1 | 0 |
_aDefensa antiaérea de la población civil y establecimientos industriales / _cpor Hermenegildo Tomé Cabrero. |
| 260 |
_aMadrid : _bE. Dossat, _c1936. |
||
| 300 |
_a200 p. : _bil. ; _c26 cm. |
||
| 650 | 1 | 4 |
_aDefensa antiaérea. _911545 |
| 852 |
_aES-MaACL _jA-4439 |
||
| 999 |
_c135175 _d135175 |
||